000 00382nam a2200133Ia 4500
008 151021s9999 xx 000 0 und d
050 _aTK 5105.8885.A26W548 1999
245 _a_Active Server pages in 24 hours
260 _aU.S.A Sams Publishing 1999
300 _axv,477p,;ill
650 _a_Data Driven
700 _a_Koller christian
980 _a^d20140203 12:27:18^oanne
999 _c12489
_d12489